000 01498nam a22003257a 4500
001 TTS 0012
003 gtcocun
005 20260323184411.0
006 a||||gr|||| 00| 0
007 ta
008 260323b2005 gt ||||| m||| 00| 0 eng d
040 _agtcocun
_bSPA
_cgtcocun
_eRDA
041 _aSPA TTS 0012
084 _0TTS 0012
100 _aÁvila Arbizu, María Carlota
_eAutor
245 _aIMPORTANCIA DE LA READECUACIÓN CURRICULAR DE LA CARRERA DE TRABAJO SOCIAL DEL CENTRO UNIVERSITARIO DE SUR ORIENTE, CUNSURORI-JALAPA/.
_cMaría Carlota Ávila Arbizu.
_hImpreso
264 _aCobán, Alta Verapaz:
_bUniversidad de San Carlos de Guatemala, Centro Universitario del Norte, Carrera de Trabajo Social
_c2005
300 _a95 p.:
_bIlustraciones, gráficas.
_c28 cm;
300 _cPDF
336 _2rdacontenido
_aTexto
_btxt
337 _2rdamedio
_aComputadora
_bn
338 _2rdasoporte
_aCódigo en línea
_bcr
502 _aTesis de grado
_bCarrera de Trabajo Social,
_cUniversidad de San Carlos de Guatemala, Centro Universitario del Norte, Carrera de Trabajo Social
_d2005
_oTTS 0012
_eTTS 0012
520 1 4 _aLa estudiante no realizó el resumen.
650 1 4 _2LEMB
_aJalapa, Jalapa
_xTrabajo Social
700 _aLicda. Ingrid Lizzeth Higueros López
_eAsesor
856 _uhttps://drive.google.com/file/d/1d4jBR84Xon80bgXduJl-tdYyIRyUgt0Z/view
_yPDF
_zUn ejemplar en línea.
942 _2ddc
_cTES
_iTTS 0012
_kClasificación
_n0
_6TTS_0012_000000000000000
999 _c2737
_d2737